000 00513cam a2200205ua 4500
001 8045
005 20260515114304.0
008 150105n ii |||gr||||Z||||||hin
040 _cMAIN
041 _ahin
082 _a891.434
100 _aSingh, S. P.,
_eAuthor.
245 1 _aAdhunik parivesh aur navalekhan
_cBy Shiv Prasad Singh
250 _a1st.
260 _aVaranasi:
_bSanjay,
_c1990.
300 _a280p.
653 _aEast Indo-European & Celtic literatures
653 _aHindi essays
942 _cBK
999 _c7157
_d7157